|
|
|
|
| LEADER |
00904naa a2200205 i 4500 |
| 001 |
publ26958 |
| 005 |
20230412082225.0 |
| 008 |
230412s2022 hu o 0|| Magyar d |
| 020 |
|
|
|a 9789634962298
|
| 024 |
7 |
|
|a 33740941
|2 mtmt
|
| 040 |
|
|
|a SZTE Publicatio Repozitórium
|b hun
|
| 041 |
|
|
|a Magyar
|
| 100 |
1 |
|
|a Szalisznyó Lilla
|
| 245 |
1 |
0 |
|a „Mint színi hatást nem igérő, visszautasitatott”
|h [elektronikus dokumentum] :
|b A Nemzeti Színház drámabíráló bizottsága az 1840-es évek második felében /
|c Szalisznyó Lilla
|
| 260 |
|
|
|a EKKE Líceum Kiadó
|b Eger
|c 2022
|
| 300 |
|
|
|a 16
|
| 300 |
|
|
|a 253-268
|
| 490 |
0 |
|
|a Új eredmények a színház- és drámatörténeti kutatásban (17−19. század) = New results in the research of theatre and drama (17th−19th century)
|
| 650 |
|
4 |
|a Nyelvek és irodalom
|
| 856 |
4 |
0 |
|u http://publicatio.bibl.u-szeged.hu/26958/3/33740941.pdf
|z Dokumentum-elérés
|